000
00366nam a2200145Ia 4500
008
231129s1996||||xx |||||||||||||| ||spa||
020
_a
958-04-3025-X
040
_b
spa
082
_a
658 M277c
100
_a
Manganelli Raymond L.
245
0
_a
Como hacer reingenieria
260
_c
1996
264
_a
Norma
942
_2
ddc
_c
BKS
999
_c
7578
_d
7578